000 02484nam a2200421 i 4500
001 194321
003 ES-MaACL
005 20250708194130.0
007 ta
008 240424s2023 sp ||||| |||| 00| 0 spa d
020 _a9786287588837
040 _bspa
_cES-MaACL
100 _aCovo, Adelina
_9235993
245 _aEl zorro de los mares, la verdadera vida de Blas de Lezo /
_cAdelina Covo.
250 _aSegunda edición : octubre 2023
264 1 _aBogotá :
_bEdiciones del Bronce,
_c2023
300 _a514 paginas ;
_c23 cm
336 _2rdacontent
_atexto
337 _2rdamedia
_asin mediación
338 _2rdacarrier
_avolumen
490 1 _aHistorias de Adelina
520 _aDon Blas de Lezo es el único marino de su tiempo que no perdió una sola batalla, aunque en ello dejó medio cuerpo. Participó y dirigió la Armada española en las batallas de Vélez-Málaga, Tolón y en el asedio a Barcelona. Su trayectoria épica se agigantó al erradicar la piratería del mar del Sur, al proteger el Mediterráneo, al recuperar caudales para su rey en Italia, al asegurar la célebre Conquista de Óran y al garantizar, con su victoria en Cartagena de Indias, la supremacía del Imperio en los mares durante sesenta y cinco años más, hasta trafalgar , en 1805. Don Blans de Lezo, como nos lo retrata con pinceladas certeras y Adelina Covo, fue el terrror tanto de la marina inglesa como de los corsarios y piratas que azotaban el mar Cétilco y, muy pronto, las hazañas del "Zorro de los Mares" fueron comidilla en las tabernas portuarias del viejo continente.
600 1 7 _9128931
_aLezo, Blas de,
_d1687-1741
_xNovela
600 1 7 _9128931
_aLezo, Blas de,
_d1687-1741
_xBiografias
650 7 _aMarinos-
_zEspaña
_ys. XVIII
_9235994
650 4 _915045
_aMilitares-
_zEspaña-
_yS.XVIII
650 7 _9135674
_aBatallas navales
655 7 _2tgfbne
_aNovelas históricas
_9226782
655 7 _2tgfbne
_9234409
_aNovelas biográficas
830 _aHistorias de Adelina
_9235995
852 _aES-MaACL
_bR.155087
_cDEPOJ
_jN-9865
_hDonación: Adelina Covo
_9201923
_gDedicatoria autógrafa de la autora
_xEncuadernación rústica con solapas
903 _9235993
_aCovo, Adelina
_ednr
942 _n0
_cMONOGRAFIA
999 _c194321
_d194321